|
|
|
|
| LEADER |
00000nam#a22000001a#4500 |
| 001 |
00031804 |
| 003 |
AR-BaUAD |
| 005 |
20230908142220.0 |
| 008 |
080408s2000####xxkao||##||||||||#||eng|d |
| 020 |
|
|
|a 0750642122
|
| 040 |
|
|
|a AR-BaUAD
|b spa
|c AR-BaUAD
|
| 041 |
|
|
|a eng
|
| 044 |
|
|
|c gb
|2 ISO3166-1
|
| 080 |
|
|
|a 725.61
|
| 080 |
|
|
|a 725.189.1
|
| 245 |
0 |
0 |
|a Prision architecture :
|b policy, design and experience /
|c edited by Leslie Fairweather and Seán McConville.
|
| 260 |
|
|
|a Oxford :
|b Architectural Press,
|c 2000
|
| 300 |
|
|
|a xviii, 162 p. :
|b il., fot., plantas
|
| 504 |
|
|
|a Incluye referencias bibliográficas al final de algunos capítulos.
|
| 500 |
|
|
|a Contributors: p. xi-xii.
|
| 500 |
|
|
|a Index: p. [159]-160.
|
| 500 |
|
|
|a Index of persons: p. [161]-162.
|
| 653 |
|
|
|a DISEÑO
|
| 653 |
|
|
|a CONSTRUCCION
|
| 653 |
|
|
|a CARCELES
|
| 653 |
|
|
|a SOCIOLOGIA
|
| 653 |
|
|
|a ESTADOS UNIDOS
|
| 653 |
|
|
|a EUROPA
|
| 653 |
|
|
|a PAISES BAJOS
|
| 655 |
|
|
|a TEXTO
|
| 852 |
|
|
|c 3-5
|
| 952 |
|
|
|0 0
|1 0
|4 0
|6 35
|7 0
|9 39069
|a AR-BaUAD
|b AR-BaUAD
|d 0000-00-00
|e donac. British Council
|g 240.00
|i 31804
|l 0
|o 3-5
|p hm15q31804
|r 2023-09-08 14:22:20
|w 2023-09-08
|y BK
|
| 990 |
|
|
|a Ej. No1 : 31804 . 27/3/2008 -- donac. British Council -- (240 pesos).
|b ADM
|
| 990 |
|
|
|a AQ200
|b TD
|
| 990 |
|
|
|a AAQ00031804
|b CC
|
| 998 |
|
|
|a AAQ
|b Bibun 76
|
| 942 |
|
|
|c BK
|
| 999 |
|
|
|c 19888
|d 19888
|